Countries with the Most Stadiums Quiz Stats

 Plays Quiz Updated Jul 26, 2019

Score 0/25 Timer 03:00
9 Plays Today
Rank Country % Correct
1United States
99.6%
2China
95.8%
5United Kingdom
95.3%
3Brazil
94.4%
5Germany
93.4%
16France
93.4%
14Russia
93%
11Spain
92.3%
5Japan
91.7%
13Mexico
91.1%
14Italy
89%
4India
87.8%
9Argentina
85.5%
Rank Country % Correct
11Australia
84.5%
8South Africa
83.8%
21Poland
67.6%
21Turkey
62.1%
9South Korea
61.2%
21Pakistan
51.7%
18Ireland
49.3%
21Peru
49.1%
16Malaysia
48.4%
18Indonesia
47.8%
21Iran
44.7%
20Morocco
43.2%

You're not logged in!

Compare scores with friends on all Sporcle quizzes.
OR
Log In

Sporcle TV

Today on Sporcle TV


Watch our educational content, quiz creation guides, and fun videos on Sporcle TV.

Show Comments

Extras

Top Quizzes Today


Score Distribution

Your Account Isn't Verified!

In order to create a playlist on Sporcle, you need to verify the email address you used during registration. Go to your Sporcle Settings to finish the process.

Report this User

Report this user for behavior that violates our Community Guidelines.

Details: